• 首页
  • 本馆介绍
  • 公告通知
  • 最新文献
  • 馆藏检索
  • 电子资源
  • 读者导购
  • 参考咨询
  • 我的图书馆
  • 登录
  • 详细信息显示
  • 放入我的书架
  • 预约/预借图书
  • 作者相关作品
  • 分类相关作品
  • 丛书相关作品
  • 出版社相关作品

书目信息

  • 表格格式
  • 工作单格式
  • 卡片格式
题名:
论绝对与相对
    
 
作者: 桉苗 , 赵凤岐 著
分册:  
出版信息: 南京   江苏人民出版社  1982
页数: 146页
开本: 21cm
丛书名:
单 册:
中图分类: B024.2
科图分类:
主题词: 矛盾的特殊性 , 矛盾的普遍性
电子资源:
ISBN:
000 00673nam0 2200253 45
001 0182006352
005 20070801115206.34
010    @dCNY0.49
091    @a2100.009
100    @a19950524d1982 em y0chiy0121 ea
101 0  @achi
102    @aCN@b320000
105    @ay z 000yy
200 10 @a论绝对与相对@Alun jue dui yu xiang dui@f赵凤岐,桉苗著@FZhao Feng Qi,AnMiao Zhu
210    @a南京@c江苏人民出版社@d1982
215    @a146页@d21cm
606    @a矛盾的特殊性
606    @a矛盾的普遍性
690    @aB024.2@v3
701  0 @a桉苗@4著
701  0 @a赵凤岐@4著
801  2 @aCN@bNLC@c20070801
801  0 @aCN@b上海图书馆@c20040508
905    @dB024.2@e15@f1@b176800
    
    论绝对与相对/赵凤岐,桉苗著.-南京:江苏人民出版社,1982
    146页;21cm
    
    
    ISBN :CNY0.49
    
●
相关链接 在E读中查询图书 在五车中查询图书 在当当中查询图书 在豆瓣中查询图书


正题名:论绝对与相对     索取号:B024.2/15         预约/预借

序号 登录号 条形码 馆藏地/架位号 状态 备注
1 0100312   001115670   密集书库/ [索取号:B024.2/15] 在馆    
2 0100313   001877990   密集书库/ [索取号:B024.2/15] 在馆    
3 0176799   001115689   第一样本阅览室/ [索取号:B024.2/15] 在馆    
4 0176800   001994499   密集书库/ [索取号:B024.2/15] 在馆    
5 0176801   001878034   密集书库/ [索取号:B024.2/15] 在馆    
6 0230327   001758609   密集书库/ [索取号:B024.2/15] 在馆    
7 0230328   001758565   密集书库/ [索取号:B024.2/15] 在馆    
8 0790231   207902313   密集书库/ [索取号:B024.2/15] 在馆    
唐山师范学院图书馆 欢迎您!
大连网信软件有限公司© 版权所有